| 000 | 00730cgm a22002653a 4500 | ||
|---|---|---|---|
| 001 | 13073662 | ||
| 003 | OSt | ||
| 005 | 20170719122241.0 | ||
| 007 | vf ||||o| | ||
| 007 | vr ||||p| | ||
| 008 | 030129s1989 xx --- vleng | ||
| 010 | _a 2003632169 | ||
| 017 |
_aPA1-067-646 _bU.S. Copyright Office |
||
| 020 | _a0061041998 | ||
| 040 |
_aDLC _cDLC _dDLC _eamim _dDLC |
||
| 050 | 0 | 0 |
_a PS3554 _b.E44 M67 1993 |
| 100 | _aDelinsky,Barbara | ||
| 245 | 0 | 0 |
_aMore than friends / _cBarbara Delinsky |
| 260 |
_c1993 _aHarper _bUSA |
||
| 300 | _a483 | ||
| 655 | 7 |
_aMusic videos. _2lcgft |
|
| 710 | 2 |
_aCopyright Collection (Library of Congress) _5DLC |
|
| 906 |
_a0 _bcbc _corignew _du _encip _f20 _gy-movingim |
||
| 942 |
_2lcc _cBK |
||
| 999 |
_c51161 _d51161 |
||